<?xml version="1.0" encoding="UTF-8"?>
<record
    xmlns:xsi="http://www.w3.org/2001/XMLSchema-instance"
    xsi:schemaLocation="http://www.loc.gov/MARC21/slim http://www.loc.gov/standards/marcxml/schema/MARC21slim.xsd"
    xmlns="http://www.loc.gov/MARC21/slim">

  <leader>00517nam a22001817a 4500</leader>
  <controlfield tag="005">20260305121630.0</controlfield>
  <controlfield tag="008">260305b        |||||||| |||| 00| 0 eng d</controlfield>
  <datafield tag="020" ind1=" " ind2=" ">
    <subfield code="a">978-178135369-1</subfield>
  </datafield>
  <datafield tag="050" ind1=" " ind2=" ">
    <subfield code="a">LB 2331 .B53 2020</subfield>
    <subfield code="b">1</subfield>
  </datafield>
  <datafield tag="100" ind1=" " ind2=" ">
    <subfield code="a">BLAIR , ERIK</subfield>
  </datafield>
  <datafield tag="245" ind1=" " ind2=" ">
    <subfield code="a">TEACHING IN HIGHER EDUCATION</subfield>
  </datafield>
  <datafield tag="260" ind1=" " ind2=" ">
    <subfield code="a">CROWN HOUSE PUBLISHING.</subfield>
    <subfield code="b">INDIPENDENT THINKING PRESS.</subfield>
    <subfield code="c">2020.</subfield>
  </datafield>
  <datafield tag="300" ind1=" " ind2=" ">
    <subfield code="a">XI ,148, :ILL</subfield>
  </datafield>
  <datafield tag="500" ind1=" " ind2=" ">
    <subfield code="a">INCLUIDE INDEX</subfield>
  </datafield>
  <datafield tag="650" ind1=" " ind2=" ">
    <subfield code="a">TEACHING IN HIGHER EDUCATION</subfield>
  </datafield>
  <datafield tag="700" ind1=" " ind2=" ">
    <subfield code="a">BLAIR , ERIK</subfield>
  </datafield>
  <datafield tag="942" ind1=" " ind2=" ">
    <subfield code="2">lcc</subfield>
    <subfield code="c">BK</subfield>
  </datafield>
  <datafield tag="999" ind1=" " ind2=" ">
    <subfield code="c">216783</subfield>
    <subfield code="d">216783</subfield>
  </datafield>
  <datafield tag="952" ind1=" " ind2=" ">
    <subfield code="0">0</subfield>
    <subfield code="1">0</subfield>
    <subfield code="2">lcc</subfield>
    <subfield code="4">0</subfield>
    <subfield code="6">LB2331 B B53  02020</subfield>
    <subfield code="7">0</subfield>
    <subfield code="8">ARTS</subfield>
    <subfield code="9">376134</subfield>
    <subfield code="a">KSUL</subfield>
    <subfield code="b">KSUL</subfield>
    <subfield code="c">DISPLAY</subfield>
    <subfield code="d">2026-03-05</subfield>
    <subfield code="i">112152</subfield>
    <subfield code="l">0</subfield>
    <subfield code="o">LB 2331 .BB53 2020</subfield>
    <subfield code="p">a001093</subfield>
    <subfield code="r">2026-03-05 12:19:00</subfield>
    <subfield code="t">C.1</subfield>
    <subfield code="w">2026-03-05</subfield>
    <subfield code="y">BK</subfield>
  </datafield>
  <datafield tag="952" ind1=" " ind2=" ">
    <subfield code="0">0</subfield>
    <subfield code="1">0</subfield>
    <subfield code="2">lcc</subfield>
    <subfield code="4">0</subfield>
    <subfield code="6">LB2331 B B53  02020</subfield>
    <subfield code="7">0</subfield>
    <subfield code="8">ARTS</subfield>
    <subfield code="9">376135</subfield>
    <subfield code="a">KSUL</subfield>
    <subfield code="b">KSUL</subfield>
    <subfield code="c">DISPLAY</subfield>
    <subfield code="d">2026-03-05</subfield>
    <subfield code="i">112153</subfield>
    <subfield code="l">0</subfield>
    <subfield code="o">LB 2331 .BB53 2020</subfield>
    <subfield code="p">a001094</subfield>
    <subfield code="r">2026-03-05 12:19:00</subfield>
    <subfield code="t">C.2</subfield>
    <subfield code="w">2026-03-05</subfield>
    <subfield code="y">BK</subfield>
  </datafield>
  <datafield tag="952" ind1=" " ind2=" ">
    <subfield code="0">0</subfield>
    <subfield code="1">0</subfield>
    <subfield code="2">lcc</subfield>
    <subfield code="4">0</subfield>
    <subfield code="6">LB2331 B B53  02020</subfield>
    <subfield code="7">0</subfield>
    <subfield code="8">ARTS</subfield>
    <subfield code="9">376136</subfield>
    <subfield code="a">KSUL</subfield>
    <subfield code="b">KSUL</subfield>
    <subfield code="c">DISPLAY</subfield>
    <subfield code="d">2026-03-05</subfield>
    <subfield code="i">112154</subfield>
    <subfield code="l">0</subfield>
    <subfield code="o">LB 2331 .BB53 2020</subfield>
    <subfield code="p">a001091</subfield>
    <subfield code="r">2026-03-05 12:19:00</subfield>
    <subfield code="t">C.3</subfield>
    <subfield code="w">2026-03-05</subfield>
    <subfield code="y">BK</subfield>
  </datafield>
  <datafield tag="952" ind1=" " ind2=" ">
    <subfield code="0">0</subfield>
    <subfield code="1">0</subfield>
    <subfield code="2">lcc</subfield>
    <subfield code="4">0</subfield>
    <subfield code="6">LB2331 B B53  02020</subfield>
    <subfield code="7">0</subfield>
    <subfield code="8">ARTS</subfield>
    <subfield code="9">376137</subfield>
    <subfield code="a">KSUL</subfield>
    <subfield code="b">KSUL</subfield>
    <subfield code="c">DISPLAY</subfield>
    <subfield code="d">2026-03-05</subfield>
    <subfield code="i">112155</subfield>
    <subfield code="l">0</subfield>
    <subfield code="o">LB 2331 .BB53 2020</subfield>
    <subfield code="p">a001092</subfield>
    <subfield code="r">2026-03-05 12:25:00</subfield>
    <subfield code="t">C.4</subfield>
    <subfield code="w">2026-03-05</subfield>
    <subfield code="y">BK</subfield>
  </datafield>
  <datafield tag="952" ind1=" " ind2=" ">
    <subfield code="0">0</subfield>
    <subfield code="1">0</subfield>
    <subfield code="2">lcc</subfield>
    <subfield code="4">0</subfield>
    <subfield code="6">LB2331 B B53  02020</subfield>
    <subfield code="7">0</subfield>
    <subfield code="8">ARTS</subfield>
    <subfield code="9">376138</subfield>
    <subfield code="a">KSUL</subfield>
    <subfield code="b">KSUL</subfield>
    <subfield code="c">DISPLAY</subfield>
    <subfield code="d">2026-03-05</subfield>
    <subfield code="i">112156</subfield>
    <subfield code="l">0</subfield>
    <subfield code="o">LB 2331 .BB53 2020</subfield>
    <subfield code="p">a001089</subfield>
    <subfield code="r">2026-03-05 12:25:00</subfield>
    <subfield code="t">C.5</subfield>
    <subfield code="w">2026-03-05</subfield>
    <subfield code="y">BK</subfield>
  </datafield>
</record>
